Quick Pick: Marvel Secret Identities Quiz Stats

 Plays Quiz Updated Jan 29, 2019

Support Sporcle.
Go Orange.
Score 0/15 Timer 01:30
0 Plays Today
% Correct
Peter Parker
96.1%
Bruce Banner
95.3%
Tony Stark
95.1%
Steve Rogers
89.7%
Natasha Romanova
88.7%
T'Challa
88.5%
Wade Wilson
79.2%
Clint Barton
77.7%
% Correct
Carol Danvers
75.3%
Ben Grimm
74.1%
Janet van Dyne
73.5%
Matt Murdock
73.2%
James Rhodes
72.4%
Sam Wilson
72.2%
Hank Pym
72%

Today's Daily Dose

Word Ladder
Math Aid

Get the Picture
Warrior Women

You're not logged in!

Compare scores with friends on all Sporcle quizzes.
OR
Log In
Forgot?

From the Vault

Blue-Themed Trivia

by tim_parr

Feeling blue? Give this quiz a try!
Remove Ads.
Support Sporcle.
Get the best of Sporcle when you Go Orange. This ad-free experience offers more features, more stats, and more fun while also helping to support Sporcle. Thank you for becoming a member.

Show Comments

Extras

Top Quizzes Today


Score Distribution

Your Account Isn't Verified!

In order to create a playlist on Sporcle, you need to verify the email address you used during registration. Go to your Sporcle Settings to finish the process.

Report this User

Report this user for behavior that violates our Community Guidelines.

Details: